[Event "Marianske Lazne op 18th"]
[Site "Marianske Lazne"]
[Date "2019.01.19"]
[Round "1"]
[White "Vishwa, Vasnawala"]
[Black "Kuzovkin, Danil"]
[Result "1-0"]
[WhiteElo "1882"]
[BlackElo "1181"]
[PlyCount "37"]
[EventDate "2019.01.19"]
[EventType "swiss"]
[EventRounds "9"]
[EventCountry "CZE"]
[SourceTitle "CBM 188 Extra"]
[Source "ChessBase"]
[SourceDate "2019.02.26"]
[SourceVersion "1"]
[SourceVersionDate "2019.02.26"]
[SourceQuality "1"]

1. d4 e6 2. Bf4 d5 3. e3 Nf6 4. Nd2 g6 5. Ngf3 Bg7 6. h4 Nc6 7. Be2 Ne7 8. Ne5 Nf5 9. g4 Nd6 10. h5 Nd7 11. Bd3 0-0 12. hxg6 fxg6 13. Qf3 Nxe5 14. dxe5 Nf7 15. Qh3 Nh8 16. Qxh7+ Kf7 17. Bh6 Rg8 18. Bxg7 Rxg7 19. Qxh8 1-0